Alistair MacLean's Hostage tower
Αποθηκεύτηκε σε:
| Κύριος συγγραφέας: | |
|---|---|
| Άλλοι συγγραφείς: | , |
| Μορφή: | Βιβλίο |
| Γλώσσα: | English |
| Δημοσίευση: |
Glasgow :
Nelson,
1992.
|
| Σειρά: | Nelson readers
|
| Θέματα: | |
| Ετικέτες: |
Προσθήκη ετικέτας
Δεν υπάρχουν, Καταχωρήστε ετικέτα πρώτοι!
|
MARC
| LEADER | 00000cam a2200000 i 4500 | ||
|---|---|---|---|
| 001 | 1/53269 | ||
| 008 | 980318s1992 enk| ||| |||| ||eng|| | ||
| 020 | |a 000370159X | ||
| 035 | |l 10027492 | ||
| 040 | |a GR-MyUa |b gre |e AACR2 | ||
| 041 | 0 | |a eng | |
| 082 | 7 | |a 428.64 |2 (22) | |
| 100 | 1 | |a MacLean, Alistair, |d 1922-1987. | |
| 245 | 1 | 0 | |a Alistair MacLean's Hostage tower / |c Alistair MacLean ; written by: John Denis ; abridged and simplified by Lewis Jones. |
| 260 | |a Glasgow : |b Nelson, |c 1992. | ||
| 300 | |a 64 σ. : |b εικ. ; |c 19 εκ. | ||
| 490 | 1 | |a (Nelson readers) | |
| 650 | 0 | |a English language |v Textbooks for foreign speakers. | |
| 650 | 0 | |a English language |x Readers. | |
| 700 | 1 | |a Denis, John. | |
| 700 | 1 | |a Jones, Lewis. | |
| 830 | 0 | |a Nelson readers | |
| 852 | |a INST |b CHIOS |e 19980318 |h 428.64 MAC |p 005200009666 |q 005200009666 |t BK |y 0 | ||
| 901 | |a BIBL-1998-1 | ||